Francia y el desarrollo económico de Europa, 1800-1914 (Record no. 39336)
[ view plain ]
| 000 -LEADER | |
|---|---|
| campo de control de longitud fija | 00603nam a2200169 i 4500 |
| 001 - NÚMERO DE CONTROL | |
| campo de control | 39336 |
| 003 - IDENTIFICADOR DE NÚMERO DE CONTROL | |
| campo de control | ES-MaACL |
| 005 - FECHA Y HORA DE LA ÚLTIMA TRANSACCIÓN | |
| campo de control | 20230906155941.0 |
| 007 - CAMPO FIJO DE DESCRIPCIÓN FÍSICA--INFORMACIÓN GENERAL | |
| campo de control de longitud fija | t| |
| 008 - DATOS DE LONGITUD FIJA--INFORMACIÓN GENERAL | |
| campo de control de longitud fija | 030227s1971 sp ||||1| spa d |
| 100 1# - ENTRADA PRINCIPAL--NOMBRE DE PERSONA | |
| Nombre de persona | Cameron, Rondo E. |
| 9 (RLIN) | 34066 |
| 245 10 - MENCIÓN DEL TÍTULO | |
| Título | Francia y el desarrollo económico de Europa, 1800-1914 |
| Resto del título | : conquistas de la paz y semillas de la guerra / |
| Mención de responsabilidad, etc. | Rondo E. Cameron ; [traducción por Carlos Fernández Pulgar]. |
| 260 ## - PUBLICACIÓN, DISTRIBUCIÓN, ETC. | |
| Lugar de publicación, distribución, etc. | Madrid : |
| Nombre del editor, distribuidor, etc. | Tecnos, |
| Fecha de publicación, distribución, etc. | [1971] |
| 300 ## - DESCRIPCIÓN FÍSICA | |
| Extensión | 534 p. : |
| Otras características físicas | 1 map. ; |
| Dimensiones | 24 cm. |
| 700 1# - ENTRADA AGREGADA--NOMBRE PERSONAL | |
| Nombre de persona | Fernández Pulgar, Carlos. |
| 9 (RLIN) | 50015 |
| 852 ## - LOCALIZACIÓN | |
| Ubicación | ES-MaACL |
| Número de control de estantería | C-38206 |
| Sublocalización o colección | R.77381 |
| Estatus retirado | Estado de pérdida | Estado de daño | No para préstamo | Biblioteca de origen | Biblioteca actual | Ubicación en estantería | Fecha de adquisición | Fuente de adquisición | Total de préstamos | Signatura topográfica completa | Código de barras | Visto por última vez | Precio de reemplazo | Tipo de ítem Koha |
|---|---|---|---|---|---|---|---|---|---|---|---|---|---|---|
| Biblioteca del Ateneo de Madrid | Biblioteca del Ateneo de Madrid | Depósito 2 | 17/01/2008 | C-38206 | 1041424 | 23/02/2023 | 23/02/2023 | Libro impreso |
